Szczegóły MARC21

Kodeks morski : konwencje międzynarodowe i akty wykonawcze /

003 -Nazwa inst., której nr kontr. jest w polu 001 [,]
    • @
    • Nazwa instytucji, której n kontrolny jest w polu 001
    • NUKAT
005 -DATA I CZAS OSTATNIEJ MODYFIKACJI [,]
    • @
    • pole kontrolne
    • 20241231093126.0
020 -Międzynarod. znormalizowany nr książki - ISBN [ , ]
    • a
    • Numer ISBN
    • 8387438197 Find
040 -Instytucja sporządzająca opis [ , ]
    • a
    • Instytucja, która sporządziła opis (NP)
    • GD 49/TA
    • c
    • Instytucja, która sporządziła rekord (NP)
    • GD 49/TA
    • d
    • Instytucja, która zmodyfikowała rekord (P)
    • GD 49/JS
942 -Rodzaj dokumentu [ , ]
    • c
    • Rodzaj dokumentu
    • Książka
100 -Hasło główne - nazwa osobowa [1, ]
    • a
    • Nazwa osobowa (NP)
    • Koziński, Mirosław H.
    • 9
    • KHW
    • 13309
245 -Strefa tytułu i oznaczenia odpowiedzialności [1,0]
    • a
    • Tytuł
    • Kodeks morski : Find
    • b
    • Ciąg dalszy tytułu (NP)
    • konwencje międzynarodowe i akty wykonawcze / Find
    • c
    • Pozostałe elementy strefy tytułu i oznaczenia odpowiedzialności (NP)
    • Mirosław H. Koziński.
260 -Strefa adresu wydawniczego [ , ]
    • a
    • Miejsce wydania (P)
    • Gdynia :
    • b
    • Nazwa wydawcy (P)
    • Wydawnictwo Akademii Morskiej w Gdyni,
    • c
    • Data wydania (P)
    • 2005.
300 -Strefa opisu fizycznego [ , ]
    • a
    • Określenie formy książki i/lub objętość (NP)
    • 481 s. :
    • b
    • Oznaczenie ilustracji (NP)
    • il. ;
    • c
    • Format (NP)
    • 24 cm.
336 -Typ zawartości [ , ]
    • a
    • Termin opisujący typ zawartości
    • Tekst
    • b
    • Kod określający zawartość
    • txt
    • 2
    • Źródło (terminu i kodu)
    • rdacontent
337 -Typ mediów [ , ]
    • a
    • Tryb odtwarzania
    • Bez urządzenia pośredniczącego
    • b
    • Kod typu mediów
    • n
    • 2
    • Źródło (terminu i kodu)
    • rdamedia
338 -Typ/rodzaj nośnika [ , ]
    • a
    • Hasło opisujące typ nośnika
    • Wolumin
    • b
    • Kod typu nośnika
    • nc
    • 2
    • Źródło (terminu i kodu)
    • rdacarrier
080 -Uniwersalna Klasyfikacja Dziesiętna [ , ]
    • 2
    • Identyfikator wydania tablic
    • UDC-P022
    • a
    • Symbol klasyfikacji
    • 347.79
    • b
    • Dopowiedzenie
    • Prawo morskie. Prawo żeglugi handlowej. Prawo nawigacyjne. Czarter. Prawo żeglugi śródlądowej.
    • x
    • Poddział wspólny
    • (438)
    • b
    • Dopowiedzenie
    • (Polska).
    • x
    • Poddział wspólny
    • (094.4)
    • b
    • Dopowiedzenie
    • (Teksty prawne. Kodeksy. Zbiory ustaw).
980 -Symbol UKD [ , ]
    • a
    • UKD
    • 347.79(438)(094.4)
920 -ISBN [ , ]
    • a
    • ISBN
    • 83-87438-19-7 Find
Sygnatura Status udost. Data inwentaryzacji Numer inwentarzowy Lokalizacja
 -22016-11-14E.76906BE
SA.1453512006-11-16SA.14535BSA